000 00336nam a2200133Ia 4500
008 240624s9999 xx 000 0 und d
041 _aeng
082 _a005.19 WIL
100 _aWILD IAN
245 _aMOODLE COURSE CONVERSION BEGINNER S GUID
260 _c2009
_aNew Delhi
_bShroff Publishers
300 _a320 : p.
365 _cRS
_b27
999 _c15520
_d15520